La Shagra : (Registro nro. 5692)
[ vista simple ]
| 000 -CABECERA | |
|---|---|
| Campo de control | 00710nam a2200205 a 4500 |
| 005 - FECHA Y HORA DE LA ULTIMA TRANSACCION | |
| Campo de control | 20191224041813.0 |
| 008 - ELEMENTOS DE LONGITUD FIJA—INFORMACION GENERAL | |
| Campo de control | 161015sxx ck a||||r|||| 00| 0 spa d |
| 040 ## - FUENTE DE CATALOGACIÓN | |
| Agencia catalogadora original | CO-BoIAVH |
| Agencia transcriptora | CO-BoIAVH |
| 041 0# - IDIOMA | |
| Código de idioma para texto/pista de sonido o título separado | Español |
| 044 ## - PAÍS DE PUBLICACIÓN | |
| País de publicación | Colombia |
| 090 ## - CLASIFICACIÓN LOCAL | |
| Colección | FG- |
| Consecutivo | 0073 |
| 110 2# - ASIENTO PRINCIPAL--NOMBRE CORPORATIVO | |
| Nombre corporativo o de jurisdicción como elemento de entrada | Colombia. |
| Unidad subordinad | Corporación Autónoma Regional de Nariño Corponariño |
| 9 (RLIN) | 90425 |
| 245 10 - MENCION DE TITULO | |
| Título | La Shagra : |
| Parte restante del título | una alternativa para la seguridad alimentaria |
| 260 ## - PUBLICACION, DISTRIBUCION, ETC. (PIE DE IMPRENTA) | |
| Lugar de publicación, distribución, etc. | Ipiales : |
| Nombre del editor, distribuidor, etc. | Corponariño, |
| Fecha de publicación, distribución, etc. | [1997?]. |
| 300 ## - DESCRIPCION FISICA | |
| Extensión | 33 páginas : |
| Otros detalles físicos | folleto con ilustraciones a color ; |
| Dimensiones | 16 x 23 cm. |
| 650 26 - ASIENTO SECUNDARIO DE MATERIA - TERMINO TEMATICO | |
| Término temático o nombre geográfico como elemento de entrada | Agricultura sostenible |
| Subdivisión general | Parcelas |
| 9 (RLIN) | 90426 |
| 650 26 - ASIENTO SECUNDARIO DE MATERIA - TERMINO TEMATICO | |
| Término temático o nombre geográfico como elemento de entrada | Seguridad alimentaria |
| 9 (RLIN) | 1807 |
| 650 26 - ASIENTO SECUNDARIO DE MATERIA - TERMINO TEMATICO | |
| Término temático o nombre geográfico como elemento de entrada | Productos agrícolas |
| 9 (RLIN) | 90428 |
| 942 ## - ELEMENTOS ADICIONALES (KOHA) | |
| Tipo de ítem | Folleto |
| Sistema de clasificación | Local |
| Withdrawn status | Lost status | Sistema de Clasificación | Damaged status | No para préstamo | Colección | Inventariado | Ubicación Permanente | Ubicación actual | Fecha de adquisición | Total Checkouts | Número topográfico | Inventario / Código de Barras | Date last seen | Ejemplar | Price effective from | Forma de adquisición | Tipo de material |
|---|---|---|---|---|---|---|---|---|---|---|---|---|---|---|---|---|---|
| Local | Hemeroteca | Inventariado 2017 | Bogotá | Bogotá | 18/07/2007 | FG-0073 | 024755 | 04/12/2012 | Ej. 1 | 04/12/2012 | Donación | Folleto | |||||
| Dewey Decimal Classification | Hemeroteca | Bogotá | Bogotá | 12/03/2018 | FG-0073 | 041415 | 12/03/2018 | Ej. 2 | 12/03/2018 | Donación | Folleto |